[Event "SRB-chT Premier"]
[Site "Bajina Basta"]
[Date "2023.09.23"]
[Round "6.1"]
[White "Roganovic, Milos"]
[Black "Miljkovic, Miroslav D"]
[Result "1/2-1/2"]
[WhiteElo "2470"]
[BlackElo "2443"]
[PlyCount "108"]
[EventDate "2023.09.18"]
[EventType "team-tourn"]
[EventRounds "11"]
[EventCountry "SRB"]
[SourceTitle "EXT 2024"]
[Source "ChessBase"]
[SourceDate "2023.10.10"]
[SourceVersion "1"]
[SourceVersionDate "2023.10.10"]
[SourceQuality "1"]
[WhiteTeam "Goracici Jelica"]
[BlackTeam "Ruma Sloven"]
[WhiteTeamCountry "SRB"]
[BlackTeamCountry "SRB"]

1. e4 e5 2. Nf3 Nc6 3. Bc4 Bc5 4. b4 Bxb4 5. c3 Ba5 6. d4 d6 7. Qb3 Qd7 8. dxe5 Bb6 9. exd6 Na5 10. Qb5 Nxc4 11. Qxc4 cxd6 12. 0-0 Qc6 13. Nbd2 Be6 14. Qd3 Rc8 15. Ba3 Ne7 16. Bxd6 Qxc3 17. Qe2 Qc6 18. e5 Nf5 19. Ng5 Nxd6 20. exd6 Qxd6 21. Nde4 Qe5 22. Kh1 0-0 23. f4 Qf5 24. Nxe6 Qxe6 25. f5 Qh6 26. Qg4 Bc7 27. h3 Be5 28. Rae1 f6 29. Rd1 Rc7 30. Qf3 Qh4 31. g4 Rfc8 32. Rf2 h6 33. Kg2 Kh7 34. Rd5 Rc2 35. Rdd2 R2c4 36. Rfe2 R8c7 37. Rd8 b5 38. Nf2 Rc3 39. Re3 Rxe3 40. Qxe3 Rc3 41. Rd3 Rc7 42. Qe4 Rc2 43. Rf3 Rxa2 44. Qd5 Rc2 45. Qb3 Rc8 46. Qxb5 Qg5 47. Qd7 Qc1 48. Qxa7 Qc6 49. Qe3 Rb8 50. Qe4 Qc1 51. Nd3 Qb1 52. Re3 Rb5 53. Nxe5 Qb2+ 54. Re2 Qxe5 1/2-1/2

[Event "Bijeljina Dana"]
[Site "Bijeljina"]
[Date "2023.01.20"]
[Round "9"]
[White "Radlovacki, Jovan"]
[Black "Miljkovic, Miroslav D"]
[Result "1/2-1/2"]
[WhiteElo "2283"]
[BlackElo "2428"]
[PlyCount "20"]
[EventDate "2023.01.14"]
[EventType "tourn"]
[EventRounds "9"]
[EventCountry "BIH"]
[EventCategory "6"]
[SourceTitle "CBM 212 Extra"]
[Source "ChessBase"]
[SourceDate "2023.03.31"]
[SourceVersion "1"]
[SourceVersionDate "2023.03.31"]
[SourceQuality "1"]

1. e4 c5 2. Nf3 Nc6 3. Bb5 g6 4. Bxc6 dxc6 5. d3 Bg7 6. h3 Nf6 7. Nc3 Nd7 8. Be3 e5 9. 0-0 Qe7 10. Qd2 0-0 1/2-1/2

[Event "Bijeljina Dana"]
[Site "Bijeljina"]
[Date "2023.01.19"]
[Round "8"]
[White "Miljkovic, Miroslav D"]
[Black "Bogosavljevic, Boban"]
[Result "1/2-1/2"]
[WhiteElo "2428"]
[BlackElo "2513"]
[PlyCount "23"]
[EventDate "2023.01.14"]
[EventType "tourn"]
[EventRounds "9"]
[EventCountry "BIH"]
[EventCategory "6"]
[SourceTitle "CBM 212 Extra"]
[Source "ChessBase"]
[SourceDate "2023.03.31"]
[SourceVersion "1"]
[SourceVersionDate "2023.03.31"]
[SourceQuality "1"]

1. d4 Nf6 2. c4 d6 3. Nc3 e5 4. Nf3 Nbd7 5. e4 Be7 6. Be2 0-0 7. 0-0 c6 8. Be3 Ng4 9. Bd2 Ngf6 10. Be3 Ng4 11. Bd2 Ngf6 12. Be3 1/2-1/2

[Event "Bijeljina Dana"]
[Site "Bijeljina"]
[Date "2023.01.18"]
[Round "7"]
[White "Vetokhin, Savva"]
[Black "Miljkovic, Miroslav D"]
[Result "1/2-1/2"]
[WhiteElo "2354"]
[BlackElo "2428"]
[PlyCount "32"]
[EventDate "2023.01.14"]
[EventType "tourn"]
[EventRounds "9"]
[EventCountry "BIH"]
[EventCategory "6"]
[SourceTitle "CBM 212 Extra"]
[Source "ChessBase"]
[SourceDate "2023.03.31"]
[SourceVersion "1"]
[SourceVersionDate "2023.03.31"]
[SourceQuality "1"]

1. Nf3 d5 2. g3 g6 3. Bg2 Bg7 4. d4 c6 5. 0-0 Nh6 6. Nbd2 Nf5 7. c3 Nd6 8. Re1 f5 9. Ne5 0-0 10. Ndf3 Nd7 11. Nxd7 Bxd7 12. Bf4 Nf7 13. Qc2 h6 14. h4 e6 15. Qd2 Kh7 16. Ne5 Nxe5 1/2-1/2

[Event "Bijeljina Dana"]
[Site "Bijeljina"]
[Date "2023.01.16"]
[Round "4"]
[White "Lajthajm, Borko"]
[Black "Miljkovic, Miroslav D"]
[Result "0-1"]
[WhiteElo "2351"]
[BlackElo "2428"]
[PlyCount "120"]
[EventDate "2023.01.14"]
[EventType "tourn"]
[EventRounds "9"]
[EventCountry "BIH"]
[EventCategory "6"]
[SourceTitle "CBM 212 Extra"]
[Source "ChessBase"]
[SourceDate "2023.03.31"]
[SourceVersion "1"]
[SourceVersionDate "2023.03.31"]
[SourceQuality "1"]

1. e4 c5 2. c3 d5 3. exd5 Qxd5 4. Nf3 Nf6 5. Na3 Nc6 6. Be2 e6 7. 0-0 Qd8 8. Nc4 Be7 9. a4 0-0 10. d3 Qc7 11. Bg5 Nd5 12. Bxe7 Ndxe7 13. Re1 Rd8 14. Qb3 Ng6 15. Bf1 Rb8 16. a5 h6 17. Qa3 b5 18. axb6 axb6 19. b4 b5 20. Ncd2 cxb4 21. cxb4 Qe7 22. Rab1 Bb7 23. Ne4 Nf4 24. Qc1 Nxd3 25. Bxd3 Rxd3 26. Qc5 Qxc5 27. Nxc5 Rdd8 28. Rec1 Nd4 29. Nxd4 Rxd4 30. Nxb7 Rxb7 31. Rc8+ Kh7 32. Rc5 Rbd7 33. g3 R7d5 34. Rc7 Kg6 35. Rb2 Kf6 36. Rb7 g5 37. h3 h5 38. Rb3 g4 39. hxg4 hxg4 40. Rb1 Rf5 41. Rb8 Rd2 42. Rg8 Rfxf2 43. Rxg4 Rg2+ 44. Kf1 Rdf2+ 45. Ke1 Rf3 46. Rd1 Rgxg3 47. Rh4 Rh3 48. Rg4 Rh1+ 49. Ke2 Rxd1 50. Kxf3 Rd3+ 51. Ke2 Rd5 52. Ke3 Ke5 53. Rg5+ f5 54. Rg7 f4+ 55. Kf3 Rd3+ 56. Ke2 Rb3 57. Rg5+ Ke4 58. Kd1 f3 59. Rxb5 e5 60. Kd2 f2 0-1

[Event "Bundesliga 2223"]
[Site "Germany"]
[Date "2022.11.26"]
[Round "3.6"]
[White "Van Wely, Loek"]
[Black "Miljkovic, Miroslav D"]
[Result "1-0"]
[WhiteElo "2629"]
[BlackElo "2453"]
[PlyCount "69"]
[EventDate "2022.10.21"]
[EventType "team-tourn"]
[EventRounds "15"]
[EventCountry "GER"]
[SourceTitle "CBM 211"]
[Source "ChessBase"]
[SourceDate "2022.12.31"]
[SourceVersion "1"]
[SourceVersionDate "2022.12.31"]
[SourceQuality "1"]
[WhiteTeam "Solingen"]
[BlackTeam "Deggendorf"]
[WhiteTeamCountry "GER"]
[BlackTeamCountry "GER"]

1. c4 c6 2. Nc3 d5 3. d4 Nf6 4. Nf3 e6 5. Bg5 Nbd7 6. cxd5 exd5 7. e3 Be7 8. Qc2 0-0 9. Bd3 h6 10. Bh4 Ne8 11. Bg3 b6 12. 0-0 Bb7 13. Rfd1 Bd6 14. e4 Bxg3 15. hxg3 dxe4 16. Nxe4 Qc7 17. Rac1 Rd8 18. b4 Qb8 19. a4 Nd6 20. Qb3 Rfe8 21. Nxd6 Qxd6 22. Bc4 Qf6 23. Re1 Kf8 24. a5 g5 25. Re3 Rxe3 26. fxe3 b5 27. Bd3 Qe6 28. Qxe6 fxe6 29. Kf2 Ke7 30. Rh1 g4 31. Nd2 c5 32. bxc5 Nxc5 33. Bxb5 e5 34. Rh5 Rd5 35. Bc4 1-0

[Event "FRM-chT 30th"]
[Site "Struga"]
[Date "2022.10.14"]
[Round "1.3"]
[White "Miljkovic, Miroslav D"]
[Black "Bogdanovski, Pece"]
[Result "1-0"]
[WhiteElo "2453"]
[BlackElo "1918"]
[PlyCount "75"]
[EventDate "2022.10.14"]
[EventType "team-tourn"]
[EventRounds "7"]
[EventCountry "MKD"]
[SourceTitle "CBM 210 Extra"]
[Source "ChessBase"]
[SourceDate "2022.11.30"]
[SourceVersion "1"]
[SourceVersionDate "2022.11.30"]
[SourceQuality "1"]
[WhiteTeam "Prilep"]
[BlackTeam "Bitola Patako"]
[WhiteTeamCountry "MKD"]
[BlackTeamCountry "MKD"]

1. d4 Nf6 2. c4 g6 3. Nc3 Bg7 4. e4 d6 5. h3 0-0 6. Bg5 c5 7. d5 e6 8. Bd3 Qa5 9. Bd2 Qb6 10. Nf3 exd5 11. cxd5 Re8 12. 0-0 Nbd7 13. a4 a6 14. a5 Qc7 15. Re1 c4 16. Bc2 Nc5 17. Bf4 Nfd7 18. Qd2 b5 19. axb6 Qxb6 20. Na4 Qc7 21. Qb4 a5 22. Qxc4 Ba6 23. Qa2 Rab8 24. Nxc5 Qxc5 25. Qxa5 Qxc2 26. Qxa6 Rxb2 27. Bg3 Nc5 28. Qc6 Rbb8 29. Rac1 Qa2 30. Rxc5 dxc5 31. Bxb8 Rxb8 32. Qxc5 Bf8 33. d6 Rb2 34. e5 f6 35. e6 Bxd6 36. Qxd6 Rxf2 37. e7 Rxg2+ 38. Kh1 1-0

[Event "EU-Cup 36th"]
[Site "Struga"]
[Date "2021.09.22"]
[Round "5.5"]
[White "Gotovusa, Goran"]
[Black "Miljkovic, Miroslav D"]
[Result "1/2-1/2"]
[WhiteElo "2161"]
[BlackElo "2470"]
[PlyCount "167"]
[EventDate "2021.09.18"]
[EventType "team-swiss"]
[EventRounds "7"]
[EventCountry "MKD"]
[SourceTitle "CBM 204 Extra"]
[Source "ChessBase"]
[SourceDate "2021.11.30"]
[SourceVersion "1"]
[SourceVersionDate "2021.11.30"]
[SourceQuality "1"]
[WhiteTeam "Prilep"]
[BlackTeam "Sloven Ruma"]
[WhiteTeamCountry "MKD"]
[BlackTeamCountry "SRB"]

1. d4 d5 2. e3 Nf6 3. Nf3 Bg4 4. Be2 c6 5. 0-0 e6 6. b3 Nbd7 7. Bb2 Be7 8. Nbd2 0-0 9. h3 Bh5 10. Ne5 Bxe2 11. Qxe2 Rc8 12. e4 dxe4 13. Nxe4 Nxe4 14. Qxe4 Nxe5 15. dxe5 Qa5 16. a4 Rfd8 17. Rad1 Bb4 18. Rxd8+ Rxd8 19. Bc1 Bc3 20. f4 Qc5+ 21. Be3 Bd4 22. Bxd4 Rxd4 23. Qe3 Qd5 24. Qf3 Qd7 25. Qc3 h5 26. Rf3 Rd1+ 27. Kh2 Qd2 28. Qxd2 Rxd2 29. Rd3 Rxc2 30. Rd8+ Kh7 31. Rd7 Kg6 32. Rxb7 a5 33. h4 c5 34. Rb5 c4 35. Rxa5 cxb3 36. Rb5 Ra2 37. Rxb3 Rxa4 38. Rg3+ Kh6 39. Rf3 Re4 40. Kh3 Re1 41. Ra3 Rh1+ 42. Kg3 Kg6 43. Rb3 Rc1 44. Ra3 Rc7 45. Rb3 Kf5 46. Ra3 Rd7 47. Rb3 f6 48. exf6 gxf6 49. Rb5+ Rd5 50. Rb3 Ke4 51. Rb4+ Rd4 52. Rb6 Rd3+ 53. Kh2 Kf5 54. Ra6 Re3 55. Ra5+ Kg4 56. Ra4 f5 57. Ra8 Kxf4 58. Rg8 Re2 59. Rg5 Ke4 60. Rxh5 f4 61. Kg1 e5 62. Rh8 Ra2 63. Re8 Kf5 64. h5 Ra6 65. g4+ Kxg4 66. Rxe5 Kg3 67. Rg5+ Kf3 68. Rg6 Ra1+ 69. Kh2 Ra5 70. Rh6 Ke2 71. Kh3 f3 72. Re6+ Kf1 73. Kg4 Kg2 74. h6 f2 75. Re2 Kg1 76. Rxf2 Kxf2 77. h7 Ra8 78. Kg5 Kf3 79. Kg6 Kg4 80. Kg7 Ra7+ 81. Kg6 Ra6+ 82. Kg7 Ra7+ 83. Kg6 Rxh7 84. Kxh7 1/2-1/2

[Event "EU-Cup 36th"]
[Site "Struga"]
[Date "2021.09.19"]
[Round "2.1"]
[White "Miljkovic, Miroslav D"]
[Black "Inarkiev, Ernesto"]
[Result "0-1"]
[WhiteElo "2470"]
[BlackElo "2663"]
[PlyCount "114"]
[EventDate "2021.09.18"]
[EventType "team-swiss"]
[EventRounds "7"]
[EventCountry "MKD"]
[SourceTitle "CBM 204 Extra"]
[Source "ChessBase"]
[SourceDate "2021.11.30"]
[SourceVersion "1"]
[SourceVersionDate "2021.11.30"]
[SourceQuality "1"]
[WhiteTeam "Sloven Ruma"]
[BlackTeam "Alkaloid"]
[WhiteTeamCountry "SRB"]
[BlackTeamCountry "MKD"]

1. d4 d5 2. c4 e6 3. Nc3 Bb4 4. cxd5 exd5 5. Bf4 Ne7 6. e3 c6 7. Bd3 Bf5 8. Nge2 0-0 9. 0-0 Re8 10. a3 Bd6 11. Rc1 a5 12. Na4 Bxd3 13. Qxd3 Nc8 14. Nc5 Qe7 15. Qc2 Na6 16. Nxa6 Rxa6 17. Rfe1 Ra8 18. a4 Bb4 19. Red1 h5 20. h3 h4 21. Qf5 Qe6 22. Qxe6 Rxe6 23. Bg5 Be7 24. Bxe7 Rxe7 25. Rb1 Nd6 26. b4 axb4 27. Rxb4 Nc4 28. Nf4 b6 29. Nd3 Ra6 30. Nb2 Nd6 31. Rc1 Rc7 32. Nd3 g5 33. Rb3 Nc4 34. Nb2 Na5 35. Rbc3 f6 36. R1c2 Kf7 37. Nd3 Ra8 38. Nb4 Nc4 39. e4 Ke6 40. exd5+ cxd5 41. Re2+ Kd6 42. Rf3 Rf7 43. Rf5 Rxa4 44. Nxd5 Ra5 45. Rxf6+ Rxf6 46. Nxf6 b5 47. Rc2 Ke6 48. Ne4 Kd5 49. Nc5 Ra3 50. f4 gxf4 51. Rc1 Ne3 52. Rb1 Ra2 53. Rxb5 Rxg2+ 54. Kh1 f3 55. Ne6+ Kc6 56. Rb1 Nf5 57. Rc1+ Kd6 0-1

[Event "SRB-chT Premier"]
[Site "Vrnjacka Banja"]
[Date "2021.09.14"]
[Round "9.1"]
[White "Omorjan, Dejan"]
[Black "Miljkovic, Miroslav D"]
[Result "0-1"]
[WhiteElo "2340"]
[BlackElo "2470"]
[PlyCount "120"]
[EventDate "2021.09.07"]
[EventType "team-tourn"]
[EventRounds "11"]
[EventCountry "SRB"]
[SourceTitle "CBM 204 Extra"]
[Source "ChessBase"]
[SourceDate "2021.11.30"]
[SourceVersion "1"]
[SourceVersionDate "2021.11.30"]
[SourceQuality "1"]
[WhiteTeam "Novi Sad SK"]
[BlackTeam "Ruma Sloven"]
[WhiteTeamCountry "SRB"]
[BlackTeamCountry "SRB"]

1. d4 Nf6 2. c4 e6 3. Nf3 d5 4. Nc3 Bb4 5. Qa4+ Nc6 6. e3 0-0 7. Bd2 a6 8. a3 Bd6 9. Qc2 Re8 10. Rd1 h6 11. h3 dxc4 12. Bxc4 e5 13. dxe5 Nxe5 14. Nxe5 Rxe5 15. Bd3 Qe8 16. 0-0 Bxh3 17. f4 Rxe3 18. Bxe3 Qxe3+ 19. Qf2 Qxf2+ 20. Kxf2 Be6 21. Ne4 Ng4+ 22. Ke2 Nh2 23. f5 Bb3 24. Nxd6 cxd6 25. Rf4 Re8+ 26. Kd2 Bxd1 27. Kxd1 Re3 28. Kd2 Rg3 29. Be4 b6 30. Bb7 Ng4 31. Rd4 Ne3 32. f6 gxf6 33. Bxa6 Nf5 34. Rb4 Rxg2+ 35. Kc1 h5 36. Bb7 Rg1+ 37. Kd2 h4 38. Rf4 Rg5 39. Be4 Ng3 40. Rxh4 Nxe4+ 41. Rxe4 Kf8 42. Ra4 Ke7 43. Ra7+ Ke6 44. Rb7 b5 45. Kc3 Re5 46. Kb4 f5 47. Rxb5 f4 48. Rxe5+ dxe5 49. Kc3 Kd5 50. a4 f3 51. Kd3 e4+ 52. Ke3 Kc5 53. a5 Kb5 54. b4 f5 55. Kf2 f4 56. Ke1 e3 57. Kf1 f2 58. Ke2 f3+ 59. Kf1 Ka6 60. b5+ Kxa5 0-1

[Event "SRB-chT Premier"]
[Site "Vrnjacka Banja"]
[Date "2021.09.13"]
[Round "8.1"]
[White "Miljkovic, Miroslav D"]
[Black "Vuckovic, Bojan"]
[Result "1/2-1/2"]
[WhiteElo "2470"]
[BlackElo "2576"]
[PlyCount "46"]
[EventDate "2021.09.07"]
[EventType "team-tourn"]
[EventRounds "11"]
[EventCountry "SRB"]
[SourceTitle "CBM 204 Extra"]
[Source "ChessBase"]
[SourceDate "2021.11.30"]
[SourceVersion "1"]
[SourceVersionDate "2021.11.30"]
[SourceQuality "1"]
[WhiteTeam "Ruma Sloven"]
[BlackTeam "Goracici Jelica"]
[WhiteTeamCountry "SRB"]
[BlackTeamCountry "SRB"]

1. d4 Nf6 2. c4 e6 3. Nc3 Bb4 4. e3 0-0 5. Bd3 d5 6. Nf3 c5 7. 0-0 cxd4 8. exd4 dxc4 9. Bxc4 b6 10. Bg5 Bb7 11. Rc1 Nbd7 12. Qe2 Be7 13. Rfd1 Rc8 14. Ne5 Nd5 15. Bxd5 Bxd5 16. Bxe7 Qxe7 17. Nxd5 exd5 18. Rxc8 Rxc8 19. Qg4 Rc7 20. Nxd7 Rxd7 21. Rc1 Rc7 22. Qf4 Rxc1+ 23. Qxc1 g6 1/2-1/2

[Event "SRB-chT Premier"]
[Site "Vrnjacka Banja"]
[Date "2021.09.12"]
[Round "7.1"]
[White "Tadic, Branko"]
[Black "Miljkovic, Miroslav D"]
[Result "1-0"]
[WhiteElo "2476"]
[BlackElo "2470"]
[PlyCount "67"]
[EventDate "2021.09.07"]
[EventType "team-tourn"]
[EventRounds "11"]
[EventCountry "SRB"]
[SourceTitle "CBM 204 Extra"]
[Source "ChessBase"]
[SourceDate "2021.11.30"]
[SourceVersion "1"]
[SourceVersionDate "2021.11.30"]
[SourceQuality "1"]
[WhiteTeam "Vladimirci"]
[BlackTeam "Ruma Sloven"]
[WhiteTeamCountry "SRB"]
[BlackTeamCountry "SRB"]

1. d4 Nf6 2. c4 g6 3. g3 c6 4. Bg2 d5 5. Nf3 Bg7 6. 0-0 0-0 7. Ne5 e6 8. Nc3 Nbd7 9. f4 Ne8 10. b3 Nc7 11. Ba3 Re8 12. Rc1 Nb6 13. Qd3 f6 14. Nf3 e5 15. cxd5 e4 16. Nxe4 Bf5 17. Nh4 cxd5 18. Nxf5 dxe4 19. Ne7+ Rxe7 20. Bxe7 Qxe7 21. Qxe4 Qxe4 22. Bxe4 Nb5 23. Bxb7 Rb8 24. Ba6 Nxd4 25. Rc7 Bf8 26. Rd1 Bd6 27. Rxa7 Nf5 28. Rb7 Bc5+ 29. Kh1 Ra8 30. b4 Bf2 31. Rd3 Kf8 32. Kg2 Bd4 33. Rxd4 Nxd4 34. Rxb6 1-0

[Event "SRB-chT Premier"]
[Site "Ruma"]
[Date "2020.09.26"]
[Round "2.5"]
[White "Miljkovic, Miroslav D"]
[Black "Damljanovic, Branko"]
[Result "1/2-1/2"]
[WhiteElo "2482"]
[BlackElo "2502"]
[PlyCount "62"]
[EventDate "2020.09.25"]
[EventType "team-tourn"]
[EventRounds "11"]
[EventCountry "SRB"]
[SourceTitle "CBM 198 Extra"]
[Source "ChessBase"]
[SourceDate "2020.11.30"]
[SourceVersion "1"]
[SourceVersionDate "2020.11.30"]
[SourceQuality "1"]
[WhiteTeam "Ruma Sloven"]
[BlackTeam "Vladimirci"]
[WhiteTeamCountry "SRB"]
[BlackTeamCountry "SRB"]

1. d4 Nf6 2. Nf3 g6 3. Bg5 Bg7 4. Nbd2 d6 5. c3 Nbd7 6. e4 e5 7. Bc4 0-0 8. 0-0 h6 9. Bh4 Qe8 10. a4 a5 11. Re1 Nb6 12. Bb3 Be6 13. Qc2 Nh5 14. dxe5 dxe5 15. Bxe6 Qxe6 16. Nf1 Rfe8 17. Rad1 Bf8 18. b3 c6 19. Rd2 Nd7 20. Red1 Nc5 21. Rb1 Be7 22. Bxe7 Rxe7 23. Ne1 Nf4 24. f3 h5 25. Ne3 h4 26. Nc4 Qf6 27. Rbd1 Kg7 28. Nb6 Rae8 29. Nc4 Ra8 30. Nb6 Rae8 31. Nc4 Rh8 1/2-1/2

[Event "PNWCC Online blitz JP 2nd"]
[Site "Chess.com INT"]
[Date "2020.03.21"]
[Round "4"]
[White "Chen, Ryo"]
[Black "Miljkovic, Miroslav D"]
[Result "0-1"]
[WhiteElo "2085"]
[BlackElo "2482"]
[PlyCount "130"]
[EventDate "2020.03.21"]
[EventType "swiss (blitz)"]
[EventRounds "11"]
[EventCountry "USA"]
[SourceTitle "CBM 195 Extra"]
[Source "ChessBase"]
[SourceDate "2020.05.31"]
[SourceVersion "1"]
[SourceVersionDate "2020.05.31"]
[SourceQuality "1"]

1. e4 c5 2. Nf3 Nc6 3. d4 cxd4 4. Nxd4 Nf6 5. Nc3 e5 6. Ndb5 d6 7. Bg5 a6 8. Na3 b5 9. Nd5 Be7 10. Bxf6 Bxf6 11. c4 b4 12. Nc2 0-0 13. h4 Be6 14. g3 Bxd5 15. Qxd5 Qb6 16. b3 a5 17. Bh3 a4 18. 0-0 Ra5 19. Qd3 Qc5 20. Rad1 Nd4 21. Nxd4 exd4 22. f4 axb3 23. axb3 Rfa8 24. Rf2 g6 25. Re2 Ra2 26. Rdd2 Ra1+ 27. Kh2 Rc1 28. Qf3 Raa1 29. Bg2 Rc3 30. Rd3 Rd1 31. Rxd1 Rxf3 32. Bxf3 Qa5 33. Rd3 h5 34. Red2 Qa1 35. Kg2 Qa3 36. Kf2 Bd8 37. Bd1 Bb6 38. Kf3 f6 39. Kg2 Qa8 40. Bf3 Qa3 41. Rc2 Bc5 42. Rcd2 Kg7 43. Rc2 Qa1 44. Rcd2 Kf8 45. Rc2 Ke7 46. Rcd2 Kd8 47. Rc2 Kc7 48. Rcd2 Ba7 49. Rc2 Kb6 50. Rcd2 Kc5 51. Rxd4 Qxd4 52. Rxd4 Kxd4 53. f5 gxf5 54. exf5 Kc3 55. Bd5 Bc5 56. Bf7 Kxb3 57. Bxh5 Kc2 58. Be8 b3 59. Ba4 Kc3 60. Bxb3 Kxb3 61. h5 Be3 62. Kf3 Bg5 63. Ke4 Kxc4 64. g4 d5+ 65. Kf3 d4 0-1

[Event "PNWCC Online blitz JP 2nd"]
[Site "Chess.com INT"]
[Date "2020.03.21"]
[Round "10"]
[White "Miljkovic, Miroslav D"]
[Black "Belous, Vladimir"]
[Result "1/2-1/2"]
[WhiteElo "2482"]
[BlackElo "2532"]
[PlyCount "94"]
[EventDate "2020.03.21"]
[EventType "swiss (blitz)"]
[EventRounds "11"]
[EventCountry "USA"]
[SourceTitle "CBM 195 Extra"]
[Source "ChessBase"]
[SourceDate "2020.05.31"]
[SourceVersion "1"]
[SourceVersionDate "2020.05.31"]
[SourceQuality "1"]

1. d4 Nf6 2. c4 g6 3. Nc3 d5 4. cxd5 Nxd5 5. e4 Nxc3 6. bxc3 Bg7 7. Nf3 0-0 8. Be3 c5 9. Qd2 b6 10. Rc1 Nd7 11. h4 Bb7 12. d5 Nf6 13. Bd3 c4 14. Bc2 e6 15. dxe6 fxe6 16. Bg5 Qxd2+ 17. Nxd2 h6 18. Be3 Ng4 19. Nxc4 Bxc3+ 20. Ke2 Nxe3 21. Nxe3 Rad8 22. Bd3 Be5 23. Rcd1 Kf7 24. f3 Ke7 25. a4 Rd4 26. h5 g5 27. Ng4 Bg7 28. Bb5 Rfd8 29. Rxd4 Rxd4 30. Rc1 Kd6 31. e5+ Bxe5 32. Nxe5 Kxe5 33. Rc7 Bd5 34. Rxa7 Rh4 35. Ra6 Rxh5 36. Rxb6 Rh2 37. Kf2 g4 38. Kg3 Rh5 39. fxg4 Rh1 40. Be2 Ra1 41. Rb4 Bc6 42. Bb5 Ra3+ 43. Kh2 Be4 44. Rb2 Kf4 45. Rb4 Ke5 46. Bf1 Bc6 47. Bb5 Be4 1/2-1/2